| Tag |
First Indicator |
Second Indicator |
Subfields |
| LEADER |
00000cas a2200000I 4500 |
| 001 |
in00000187621 |
| 005 |
20190422095700.0 |
| 008 |
760712d19521974azuqx p 0 a0eng d |
| 016 |
7 |
|
|a 1371562-8
|2 DE-600
|
| 016 |
7 |
|
|a 010466014
|2 Uk
|
| 019 |
|
|
|a 2444972
|
| 029 |
1 |
|
|a DEBBG
|b BV009284260
|
| 029 |
1 |
|
|a UKMGB
|b 010466014
|
| 035 |
|
|
|a (OCoLC)ocm02064378
|
| 035 |
|
|
|a (OCoLC)2064378
|z (OCoLC)2444972
|
| 040 |
|
|
|a KSU
|b eng
|c KSU
|d NSD
|d NYG
|d OCL
|d OCLCQ
|d DEBBG
|d UKMGB
|d OCLCF
|d OCLCO
|d OCLCA
|d OCLCQ
|d UtOrBLW
|
| 043 |
|
|
|a n-us-az
|
| 049 |
|
|
|a TXAM
|
| 050 |
|
4 |
|a L120
|b .A7
|
| 082 |
0 |
4 |
|a 370.5
|b qA71
|
| 084 |
|
|
|a 5,3
|2 ssgn
|
| 084 |
|
|
|a 280
|2 zdbs
|
| 245 |
0 |
0 |
|a Arizona teacher.
|
| 246 |
2 |
3 |
|a AT
|f Sept. 1973-74
|
| 264 |
|
1 |
|a Phoenix :
|b Arizona Education Association
|
| 300 |
|
|
|a volumes
|b illustrations
|c 28 cm
|
| 310 |
|
|
|a Five no. a year
|
| 336 |
|
|
|a text
|b txt
|2 rdacontent
|
| 337 |
|
|
|a unmediated
|b n
|2 rdamedia
|
| 338 |
|
|
|a volume
|b nc
|2 rdacarrier
|
| 362 |
0 |
|
|a v. 41, no. 1-v. 62, no. 5; 1952-1974.
|
| 500 |
|
|
|a At head of title: Sept. 1973-74, AT.
|
| 550 |
|
|
|a Official publication of the Arizona Education Association.
|
| 650 |
|
0 |
|a Education
|v Periodicals.
|0 http://id.loc.gov/authorities/subjects/sh2008102639
|
| 650 |
|
0 |
|a Education
|z Arizona
|v Periodicals.
|
| 650 |
|
7 |
|a Education.
|2 fast
|0 (OCoLC)fst00902499
|
| 651 |
|
7 |
|a Arizona.
|2 fast
|0 (OCoLC)fst01204820
|
| 655 |
|
7 |
|a Periodicals.
|2 fast
|0 (OCoLC)fst01411641
|
| 710 |
2 |
|
|a Arizona Education Association.
|0 http://id.loc.gov/authorities/names/n85186157
|
| 780 |
0 |
0 |
|t Arizona teacher-parent
|
| 785 |
0 |
2 |
|t Arizona educator advocate
|x 0164-6923
|w (OCoLC)2250643
|
| 994 |
|
|
|a C0
|b TXA
|
| 949 |
|
|
|a updated
|b h
|c 2019/2/27
|e coplinger
|f 9:22:55 am
|
| 999 |
f |
f |
|s 4dbff11d-24b2-3ccf-8b02-d8386f9adc16
|i 684e0ffe-bd74-3eb6-b246-c8edc25041b2
|t 0
|
| 952 |
f |
f |
|p ric
|a Texas A&M University
|b Rellis Campus
|c Joint Library Facility
|d Remote Storage
|t 0
|e L120 .A7
|h Library of Congress classification
|i unmediated -- volume
|k v.57
|l 1968/1969
|m A14842780224
|
| 952 |
f |
f |
|p ric
|a Texas A&M University
|b Rellis Campus
|c Joint Library Facility
|d Remote Storage
|t 0
|e L120 .A7
|h Library of Congress classification
|i unmediated -- volume
|k v.58
|l 1969/1970
|m A14842780232
|
| 952 |
f |
f |
|p ric
|a Texas A&M University
|b Rellis Campus
|c Joint Library Facility
|d Remote Storage
|t 0
|e L120 .A7
|h Library of Congress classification
|i unmediated -- volume
|k v.60
|l 1971/1972
|m A14842780257
|
| 952 |
f |
f |
|p ric
|a Texas A&M University
|b Rellis Campus
|c Joint Library Facility
|d Remote Storage
|t 0
|e L120 .A7
|h Library of Congress classification
|i unmediated -- volume
|k v.61-62
|l 1972/1973-1973/1974
|m A14842780265
|
| 952 |
f |
f |
|p ric
|a Texas A&M University
|b Rellis Campus
|c Joint Library Facility
|d Remote Storage
|t 0
|e L120 .A7
|h Library of Congress classification
|i unmediated -- volume
|k v.56
|l 1967/1968
|m A14842780216
|
| 952 |
f |
f |
|p ric
|a Texas A&M University
|b Rellis Campus
|c Joint Library Facility
|d Remote Storage
|t 0
|e L120 .A7
|h Library of Congress classification
|i unmediated -- volume
|k v.59
|l 1970/1971
|m A14842780240
|
| 998 |
f |
f |
|a L120 .A7
|s v.56 (1967/1968)-v.62 (1973/1974)
|t 0
|l Remote Storage
|